000 01160nam a2200241Ia 4500
003 Ost
005 20260507075651.0
008 260507s9999||||xx |||||||||||||| ||und||
020 _a9339957
040 _cfsecg
041 _aara
082 _a332.1068
100 _aالبديري، حسين جميل
_eمؤلف
245 0 _aالبنوك :
_bمدخل إداري ومحاسبي /
_c حسين جميل البديري
260 _aعمان:
_bمؤسسة الوراق للنش والتوزيع,
_c2003
300 _a323 صفحة؛
_bإيضاحات ؛
_c24 سم
504 _aالمراجع ص.321
520 _aالبنك التجاري نظرة عامة- إدارة السيولة والربحية والموائمة بينهما- الاقسام الفنية في البنوك التجارية- الحسابات الختامية والميزانية في البنوك التجارية- التحليل المالي في اطار عام- التسويق المصرفي والخدمات المصرفية ومنظور الجودة والتميز.
653 _aالإدارة
653 _aالبنوك
653 _aالمحاسبة
942 _cكتاب
999 _c45612
_d45612